Topolgy of metric spaces (Record no. 14350)

MARC details
000 -LEADER
fixed length control field 00524 a2200217 4500
001 - CONTROL NUMBER
control field 151238
003 - CONTROL NUMBER IDENTIFIER
control field OSt
005 - DATE AND TIME OF LATEST TRANSACTION
control field 20211221110027.0
008 - FIXED-LENGTH DATA ELEMENTS--GENERAL INFORMATION
fixed length control field
020 ## - INTERNATIONAL STANDARD BOOK NUMBER
International Standard Book Number 9788184870589
082 ## - DEWEY DECIMAL CLASSIFICATION NUMBER
Classification number 514.325
Item number K96T
100 1# - MAIN ENTRY--PERSONAL NAME
Personal name Kumaresan, S.
245 1# - TITLE STATEMENT
Title Topolgy of metric spaces
Statement of responsibility, etc by S. Kumaresan
250 ## - EDITION STATEMENT
Edition statement 2nd ed.
260 ## - PUBLICATION, DISTRIBUTION, ETC. (IMPRINT)
Place of publication, distribution, etc New Delhi
Name of publisher, distributor, etc Narosa Publishing
Date of publication, distribution, etc 2015
300 ## - PHYSICAL DESCRIPTION
Extent 197p.
653 ## - INDEX TERM--UNCONTROLLED
Uncontrolled term Mathematics
653 ## - INDEX TERM--UNCONTROLLED
Uncontrolled term Metric Spaces
653 ## - INDEX TERM--UNCONTROLLED
Uncontrolled term Topology
942 ## - ADDED ENTRY ELEMENTS (KOHA)
Source of classification or shelving scheme Dewey Decimal Classification
Koha item type Books
Holdings
Withdrawn status Lost status Source of classification or shelving scheme Damaged status Not for loan Collection code Home library Current library Date acquired Source of acquisition Cost, normal purchase price Full call number Barcode Date last seen Price effective from Koha item type
    Dewey Decimal Classification     General Text Book Central University Of Rajasthan Central University Of Rajasthan 11/09/2015 MTH 0.00 514.325 K96T 25068 21/11/2024 02/09/2020 Books